Islamic concepts of human rights / (Record no. 65973)
[ view plain ]
| 000 -LEADER | |
|---|---|
| fixed length control field | 00416nam a22001457a 4500 |
| 005 - DATE AND TIME OF LATEST TRANSACTION | |
| control field | 20180730162301.0 |
| 020 ## - INTERNATIONAL STANDARD BOOK NUMBER | |
| International Standard Book Number | 8175411651 |
| Terms of availability | 480.00 |
| 035 ## - SYSTEM CONTROL NUMBER | |
| System control number | B-164413, b-164414 |
| 037 ## - SOURCE OF ACQUISITION | |
| Stock number | DPL |
| Source of stock number/acquisition | ENG |
| 100 ## - MAIN ENTRY--PERSONAL NAME | |
| Personal name | Assheha, Abdur Rahman |
| 245 ## - TITLE STATEMENT | |
| Title | Islamic concepts of human rights / |
| Statement of responsibility, etc | by Abdur Rahman Assheha |
| 260 ## - PUBLICATION, DISTRIBUTION, ETC. (IMPRINT) | |
| Place of publication, distribution, etc | Delhi |
| Name of publisher, distributor, etc | Shipra |
| Date of publication, distribution, etc | 2004 |
| 300 ## - PHYSICAL DESCRIPTION | |
| Extent | 149p. |
| Dimensions | 20 cms. |
| 942 ## - ADDED ENTRY ELEMENTS (KOHA) | |
| Source of classification or shelving scheme | Dewey Decimal Classification |
| Item type | English Books |
| Classification part | 323 |
| Call number suffix | ABD |
| Withdrawn status | Lost status | Not for loan | Home library | Current library | Date acquired | Full call number | Barcode | Cost, replacement price | Koha item type | Public note | Collection code | Source of acquisition | Cost, normal purchase price |
|---|---|---|---|---|---|---|---|---|---|---|---|---|---|
| Lost and Paid For | Sarojini Nagar | Sarojini Nagar | 02/05/2012 | 323 ABD | B-164413 | 480.00 | English Books | R.No. 113/012 | |||||
| Shahdara Branch | Shahdara Branch | 30/07/2018 | 323 ABD | B-164414 | 480.00 | English Books | Non-fiction | BPPD/PUB | 480.00 |
